| 000 | 01409nam a2200373 a 4500 | ||
|---|---|---|---|
| 003 | CHAP | ||
| 005 | 20220817051940.0 | ||
| 008 | 070917d2001 cu a r 10100 spa d | ||
| 010 | _a93995 | ||
| 011 | _a94967 | ||
| 035 | _a105570 | ||
| 040 | _cCHAP | ||
| 090 | _aFolleto 17222 | ||
| 111 | 2 |
_aSemana de la Cultura Italiana en Cuba, Jornada de Homenaje a Mario Calvino _n(6 : _d2001 : _cSantiago de las Vegas, La Habana) _9103841 |
|
| 245 | 1 | 0 |
_aMemoria _c/por La Sociedad Cubana de Historia de la Ciencia y la Tecnología |
| 260 |
_aLa Habana : _bLa Sociedad Cubana de Historia de la Ciencia y la Tecnología, _c2001. |
||
| 300 |
_a88 p. : _bilus. |
||
| 590 |
_aBATCH-UPD _b10 _c20130110 _lUCH01 _h0205 |
||
| 590 |
_aBATCH-UPD _b10 _c20130110 _lUCH01 _h0757 |
||
| 590 |
_aBATCH-UPD _b10 _c20130409 _lUCH01 _h2216 |
||
| 590 |
_aBATCH-UPD _b10 _c20130410 _lUCH01 _h1336 |
||
| 590 |
_aBATCH-UPD _b10 _c20130913 _lUCH01 _h2049 |
||
| 590 |
_aBATCH-UPD _b10 _c20140805 _lUCH01 _h1148 |
||
| 590 |
_aCONVERSION _b10 _c20130109 _lUCH01 _h1352 |
||
| 650 | 1 | 4 |
_aAgricultura _xCuba. _91390 |
| 650 | 1 | 4 |
_aAgricultura _xInvestigación. _91577 |
| 650 | 1 | 4 |
_aCalvino, Mario, -- 1875-1951. _917614 |
| 650 | 1 | 4 |
_aCientíficos italianos. _923257 |
| 650 | 1 | 4 |
_aCuba _xInvestigación. _929952 |
| 901 | _aBK | ||
| 905 | _aMarco A. Medoza T. | ||
| 942 | _cFOLL | ||
| 949 |
_aFolleto 17222 _bBC _cFOLL _d33724002036561 _eTS1 _gDonaciØn _i105570 _sb |
||
| 999 |
_c93995 _d93995 |
||